Alexander Calder: 1898-1976
Պահպանված է:
| Հիմնական հեղինակ: | |
|---|---|
| Ձևաչափ: | Գիրք |
| Լեզու: | իսպաներեն |
| Հրապարակվել է: |
Colonia
Taschen
2003
|
| Հրատարակություն: | 1a. ed |
| Խորագրեր: | |
| Ցուցիչներ: |
Ավելացրեք ցուցիչ
Չկան պիտակներ, Եղեք առաջինը, ով նշում է այս գրառումը!
|
MARC
| LEADER | 00000nam a2200000 a 4500 | ||
|---|---|---|---|
| 001 | UCK2176 | ||
| 003 | CL-VaPUC | ||
| 008 | 041223e20030000GW |||||||||||||||||spa|d | ||
| 020 | |a 3822870196 | ||
| 082 | 0 | 4 | |a 731.92 |b BAA |2 21 |
| 100 | 0 | |a Baal-Teshuva, Jacob |e author |9 489983 | |
| 245 | 1 | 0 | |a Alexander Calder: 1898-1976 |
| 250 | |a 1a. ed | ||
| 300 | |a 95 p | ||
| 942 | |c BK | ||
| 945 | |d 20041223 00:00:00 |a vberengu | ||
| 260 | |a Colonia |b Taschen |c 2003 | ||
| 600 | 0 | 7 | |a CALDER, ALEXANDER |2 CL-VaPUC |9 428603 |
| 650 | 7 | |a ESCULTORES ESTADOUNIDENSES |2 CL-VaPUC |9 428605 | |
| 650 | 7 | |a ESCULTURA MODERNA |2 CL-VaPUC |9 268158 | |
| 650 | 7 | |a ESCULTURA ESTADOUNIDENSE |2 CL-VaPUC |9 428604 | |
| 583 | |a last modification |c 20041223 00:00:00 |k Rodrigo Vera | ||
| 999 | |c 311795 |d 311793 | ||
| 952 | |0 0 |1 0 |4 0 |6 731_920000000000000_BAA_2003 |7 0 |8 A |9 381449 |a BIBARQ |b BIBARQ |d 2019-11-21 |i 4086120 |o 731.92 BAA 2003 |p 4086120 |r 2025-01-20 |w 2019-11-21 |y BK |k ARQ | ||